000
00303nam a2200121Ia 4500
008
241014s9999||||xx |||||||||||||| ||und||
020
_a
0-19-566963-0
100
_a
Martin,Elizabeth
245
0
_a
Minidictionary for Nurses
260
_b
Oxford University Press
_c
2007
300
_a
725
942
_b
ION
_c
BK
999
_c
18482
_d
18482